Statistics for Homestuck characters titles

Click here to take the quiz!

General Stats

  • This quiz has been taken 610 times
    (572 since last reset)
  • The average score is 18 of 35

Answer Stats

HintAnswer% Correct
JohnHeir of Breath
98%
DaveKnight of Time
92%
RoseSeer of Light
89%
JadeWitch of Space
89%
KarkatKnight of Blood
86%
AradiaMaid of Time
81%
TereziSeer of Mind
75%
TavrosPage of Breath
74%
GamzeeBard of Rage
71%
VriskaThief of Light
69%
SolluxMage of Doom
68%
DirkPrince of Heart
66%
EridanPrince of Hope
65%
NepetaRogue of Heart
59%
KanayaSylph of Space
59%
RoxyRogue of Void
57%
EquiusHeir of Void
56%
FeferiWitch of Life
55%
JakePage of Hope
54%
JaneMaid of Life
48%
CalibornLord of Time
44%
CalliopeMuse of Space
37%
KankriSeer of Blood
37%
MeenahThief of Life
36%
LatulaKnight of Mind
35%
AraneaSylph of Light
35%
KurlozPrince of Rage
29%
DamaraWitch of Time
29%
CronusBard of Hope
26%
MitunaHeir of Doom
26%
MeulinMage of Heart
25%
PorrimMaid of Space
24%
HussieWaste of Space
21%
HorussPage of Void
18%
RufiohRogue of Breath
17%

Score Distribution

Percentile by Number Answered

Percent of People with Each Score

Your Score History

You have not taken this quiz since the last reset